000 01597nam0a22003251 4500
001 rc\935697
005 20260405202457.0
035 _a(NLR Aleph) 006108544
090 _a5334008
_c5334008
100 _a20041129d1982 |||y0rusy50 ca
101 0 _arus
102 _aRU
105 _aa |||||||||
200 1 _aЗвуковые реакции лося (alces alces)
_fЕ.М. Богомолова, Ю.А. Курочкин, А.А. Никольский
210 _aПущино
_cНЦБИ
_d1982
215 _a28 с.
_cил.
_d21
225 1 _aАкустическая сигнализация животных
_eИнформ. материал
_fАН СССР, Науч. центр биол. исслед.
300 _aВ надзаг.: Ин-т биол. физики, Фонотека голосов животных, АМН СССР, НИИ нормал. физиологии им. П.К. Анохина, Биол. фак. МГУ им. М.В. Ломоносова
300 _aРез.: англ.
300 _aПодписи парал.: рус., англ.
320 _aБиблиогр.: с. 25-26 (18 назв.)
700 1 _aБогомолова
_bЕ.М.
_gЕкатерина Митрофановна
701 1 _aКурочкин
_bЮ.А.
_gЮрий Александрович
701 1 _4070
_7ca
_8rus
_aНикольский
_bА. А.
_cд-р биол. наук
_f1939-
_gАлександр Александрович
_3RU\NLR\AUTH\7789942
_972869
801 0 _aRU
_bNLR
_gpsbo
801 1 _aRU
_bELAR
_2rusmarc
852 _aNLR
_j83-6/2541
942 _cBOOK
980 _aNB